000 00666nam a22001817a 4500
005 20250423123914.0
008 250422b |||||||| |||| 00| 0 eng d
020 _a978-1761-000-010
041 _aeng
082 _a617.1027 BRU C
100 _aBRUKNER, PETER . ARDERN, CLARE . BAHR, ROALD . BLAZEY, PAUL & CLARSEN, BEN & CROSSLEY, KEY & BRUCE, FORSTER & HUTCHINSON, MARK & LASINSKY, ANNE AND KHAN, KARIM
_98633
245 _aBRUKNER & KHAN'S CLINICAL SPORTS MEDICINE : FOUNDATION'S OF CLINICAL PRACTICE
250 _a6TH ED.
260 _aAUSTRALIA
_bMcGRAW HILL EDUCATION PTY.LTD
_c2025
300 _a470;P
650 _aPHYSIOTHERAPY
_98180
942 _cBK
999 _c8768
_d8766